Rubber tapping tools- Coagulation tray-specification (Record no. 73530)

MARC details
000 -LEADER
fixed length control field 00390nam a2200133Ia 4500
245 #0 - TITLE STATEMENT
Title Rubber tapping tools- Coagulation tray-specification
260 ## - PUBLICATION, DISTRIBUTION, ETC. (IMPRINT)
Place of publication New Delhi
260 ## - PUBLICATION, DISTRIBUTION, ETC. (IMPRINT)
Year of publication 1989
Name of publisher BIS
490 ## - SERIES STATEMENT
Series statement Forestry&Plantation Machinery Sec Com, AFDC 64
500 ## - GENERAL NOTE
General note Standard number: Is 12653
650 ## - SUBJECT ADDED ENTRY--TOPICAL TERM
Topical Term Rubber tapping tools
942 ## - ADDED ENTRY ELEMENTS (KOHA)
Koha item type Standards
Holdings
Withdrawn status Lost status Damaged status Not for loan Home library Current library Date acquired Koha item type
      Standards RRII Library RRII Library 31/12/2021 Standards